000 00499nam a2200157 a 4500
005 20140412111232.0
008 001020s19uu xx 00 eng d
050 _aER
_bOl3 1995
100 _aDickens, Charles
245 _aOliver Twist /
_cCharles Dickens; retold by Brenda Ralph Lewis and Ronne Randall; illustrated by John Holder.
260 _aLeicestershire, UK :
_bLadybird Books Ltd,
_c1995.
300 _a51 p. ; ill.
440 _aRead It Yourself
650 _aFiction
999 _c102246
_d102246